| 000 | 00743nam a22002057a 4500 | ||
|---|---|---|---|
| 999 |
_c15146 _d15146 |
||
| 003 | OSt | ||
| 082 | _2631.7 RAS/EF | ||
| 088 | _aP 245 | ||
| 100 |
_aRASEENA SALIM _93670 |
||
| 245 | _aEffect of magnetised water on chloride ions in trickle irrigation | ||
| 260 |
_aTavanur 2012 _bDepartment of Land and Water Resources and Conservation Engineering |
||
| 300 | _a57 | ||
| 500 | _aEffect of magnetised water on chloride ions in trickle irrigation | ||
| 520 | _aEffect of magnetised water on chloride ions in trickle irrigation | ||
| 700 |
_aRohit Murali _93671 |
||
| 700 |
_aVipin P. R _93672 |
||
| 700 |
_aDr. Abdul Hakkim V. M (Guide) _93491 |
||
| 856 | _uhttps://drive.google.com/open?id=1NtRpr0o2fcXwfvwDJZrEVev1Vi3wfAoR | ||
| 942 | _cPR | ||